000 00338nam a22001457a 4500
008 210527b ||||| |||| 00| 0 eng d
020 _a9781416001591
041 _aeng
080 _25th
_a616-053.2
082 _a616-053.2
100 _a8
101 _aPED
245 _aEssentials of Pediatrics
_cRobert M. Kliegman
942 _2udc
_cBK
999 _c57683
_d57683